[Event "7. Oeffinger Schachopen"]
[Site "Oeffingen"]
[Date "2016.05.15"]
[Round "4.4"]
[White "Lelumees, Brait"]
[Black "Süss, Stefan"]
[Result "1-0"]
[WhiteElo "2126"]
[BlackElo "1921"]
[PlyCount "39"]
[EventDate "2016.??.??"]
[WhiteTeam "SK Schwäbisch Hall"]
[BlackTeam "SG Schwabing München"]

1. d4 d5 2. c4 Nc6 3. Nc3 e5 4. cxd5 Nxd4 5. e3 Nf5 6. Nf3 Bd6 7. Be2 Nf6 8. e4
Ne7 9. h3 c6 10. O-O O-O 11. dxc6 Nxc6 12. Be3 Qe7 13. Nd5 Nxd5 14. exd5 e4 15.
dxc6 exf3 16. Bxf3 Qe5 17. g3 Rd8 18. cxb7 Bxb7 19. Bxb7 Rab8 20. Qf3 1-0

[Event "7. Oeffinger Schachopen"]
[Site "Oeffingen"]
[Date "2016.05.15"]
[Round "4.5"]
[White "Fulop, Csaba"]
[Black "Gustain, Marc"]
[Result "1-0"]
[WhiteElo "2103"]
[BlackElo "2133"]
[PlyCount "95"]
[EventDate "2016.??.??"]
[BlackTeam "SF Deizisau"]

1. d4 Nf6 2. f4 g6 3. Nf3 Bg7 4. e3 c5 5. c3 d5 6. Bd3 Nc6 7. Qe2 O-O 8. Nbd2
b6 9. h3 Qc7 10. Nf1 Bb7 11. g4 Ne4 12. h4 e5 13. dxe5 f6 14. h5 fxe5 15. hxg6
hxg6 16. Bxe4 dxe4 17. Ng5 exf4 18. Qc4+ Rf7 19. Qxf7+ Qxf7 20. Nxf7 Kxf7 21.
exf4 Ne7 22. Be3 Bd5 23. Ng3 Be6 24. Nxe4 Bxg4 25. Rg1 Bh5 26. Kf2 Nd5 27. Rae1
Rd8 28. Ng5+ Kf6 29. Ne4+ Kf7 30. Bc1 Kg8 31. Ng5 Bf6 32. f5 Rf8 33. Ne6 Bh4+
34. Kg2 Rxf5 35. Ref1 Kf7 36. Rxf5+ gxf5 37. Nf4 Nxf4+ 38. Bxf4 Bg4 39. Rh1 Bf6
40. Rh7+ Ke6 41. Rxa7 Kd5 42. Kg3 b5 43. Rd7+ Ke4 44. Rd6 Bg7 45. Rb6 b4 46.
cxb4 c4 47. Re6+ Kd3 48. b5 1-0

[Event "7. Oeffinger Schachopen"]
[Site "Oeffingen"]
[Date "2016.05.15"]
[Round "4.6"]
[White "Gabriel, Josef"]
[Black "Schömbs, Oliver"]
[Result "1-0"]
[WhiteElo "2073"]
[BlackElo "1890"]
[PlyCount "101"]
[EventDate "2016.??.??"]
[WhiteTeam "Stuttgarter SF"]
[BlackTeam "SC Ingersheim"]

1. e4 e5 2. Bc4 Nf6 3. d3 Nc6 4. Nf3 Be7 5. O-O d6 6. c3 Be6 7. Nbd2 O-O 8. Qe2
Qd7 9. Rd1 Rae8 10. Bb5 a6 11. Ba4 b5 12. Bc2 Nb8 13. d4 exd4 14. cxd4 Qc6 15.
Bd3 Bg4 16. e5 dxe5 17. dxe5 Bc5 18. Ne4 Rxe5 19. Nxe5 Bxe2 20. Nxc6 Nxe4 21.
Bxe4 Bxd1 22. Be3 Bxe3 23. Ne7+ Kh8 24. fxe3 Bg4 25. Rc1 g6 26. Rxc7 Re8 27.
Bb7 Be6 28. b3 Rd8 29. e4 Kg7 30. Nd5 a5 31. Kf2 a4 32. Ke3 Rd7 33. Rxd7 Nxd7
34. bxa4 bxa4 35. a3 f5 36. exf5 Bxf5 37. Kd4 Nf6 38. Nb6 Ng4 39. h3 Nf2 40.
Nxa4 h5 41. Nc3 Kf6 42. a4 Nxh3 43. a5 Nf4 44. a6 Ne6+ 45. Kc4 Bd3+ 46. Kxd3
Nc5+ 47. Ke3 Nxa6 48. Bxa6 Kg5 49. Ne4+ Kh4 50. Bc8 g5 51. g3# 1-0

[Event "7. Oeffinger Schachopen"]
[Site "Oeffingen"]
[Date "2016.05.15"]
[Round "4.7"]
[White "Gentner, Markus"]
[Black "Issaad, Pascal"]
[Result "0-1"]
[WhiteElo "2020"]
[BlackElo "1886"]
[PlyCount "74"]
[EventDate "2016.??.??"]
[WhiteTeam "SC Murrhardt"]
[BlackTeam "SV Stuttgart-Wolfbusch"]

1. Nf3 f5 2. e4 fxe4 3. Ng5 Nf6 4. d3 e3 5. Bxe3 e5 6. d4 e4 7. Nxe4 d5 8.
Nxf6+ Qxf6 9. Qh5+ Qf7 10. Qxf7+ Kxf7 11. Bd3 Bd6 12. Nd2 Nc6 13. c3 Ne7 14.
Nf3 Bf5 15. Kd2 Bxd3 16. Kxd3 Rhf8 17. Ne5+ Kg8 18. f4 c6 19. g4 Ng6 20. Raf1
Rae8 21. h4 Bc7 22. h5 Ne7 23. b3 Nc8 24. Bc1 Rf6 25. Ba3 Nd6 26. Bxd6 Bxd6 27.
c4 dxc4+ 28. bxc4 c5 29. dxc5 Bxc5 30. Ke4 Ra6 31. Rh2 Rd8 32. Rf3 Rd4+ 33. Kf5
Rf6+ 34. Kg5 Be7 35. Kh4 Rfxf4+ 36. Kg3 Rfe4 37. Nd3 Bd6+ 0-1

[Event "7. Oeffinger Schachopen"]
[Site "Oeffingen"]
[Date "2016.05.15"]
[Round "4.8"]
[White "Boehmler, Thomas"]
[Black "Pelezki, Eugen"]
[Result "1/2-1/2"]
[WhiteElo "1855"]
[BlackElo "2006"]
[PlyCount "54"]
[EventDate "2016.??.??"]
[BlackTeam "SV Wendlingen"]

1. d4 Nf6 2. c4 c5 3. d5 b5 4. cxb5 e6 5. Nc3 a6 6. bxa6 Bxa6 7. e4 Bxf1 8.
Kxf1 exd5 9. e5 Ng8 10. Qxd5 Na6 11. Nb5 Rb8 12. Nd6+ Bxd6 13. exd6 Kf8 14. Nf3
Nf6 15. Qc4 Qb6 16. Ne5 Qb5 17. Qxb5 Rxb5 18. Bg5 h6 19. Bxf6 gxf6 20. Nc4 Rb4
21. b3 Kg7 22. Re1 Ra8 23. g3 Nb8 24. Re2 Nc6 25. Kg2 Rb7 26. Rc1 Nd4 27. Rd2
Ra6 1/2-1/2

[Event "7. Oeffinger Schachopen"]
[Site "Oeffingen"]
[Date "2016.05.15"]
[Round "5.1"]
[White "Lelumees, Brait"]
[Black "Holzhäuer, Mathias"]
[Result "1-0"]
[WhiteElo "2126"]
[BlackElo "2284"]
[PlyCount "47"]
[EventDate "2016.??.??"]
[WhiteTeam "SK Schwäbisch Hall"]
[BlackTeam "SK Schmiden/Cannstatt"]

1. e4 d5 2. exd5 Nf6 3. d4 Bg4 4. Bb5+ Nbd7 5. f3 Bf5 6. Nc3 a6 7. Ba4 b5 8.
Bb3 Nb6 9. Nge2 Nbxd5 10. Nxd5 Nxd5 11. Ng3 Bc8 12. a4 Rb8 13. axb5 axb5 14.
O-O e6 15. Nh5 c6 16. Re1 Bb7 17. f4 g6 18. Bxd5 cxd5 19. f5 gxf5 20. Qd3 Bd6
21. Qxb5+ Kf8 22. Bh6+ Kg8 23. Qe8+ Qxe8 24. Nf6# 1-0

[Event "7. Oeffinger Schachopen"]
[Site "Oeffingen"]
[Date "2016.05.15"]
[Round "5.2"]
[White "Horvath, Peter"]
[Black "Fulop, Csaba"]
[Result "1-0"]
[WhiteElo "2433"]
[BlackElo "2103"]
[PlyCount "31"]
[EventDate "2016.??.??"]

1. d4 d5 2. c4 e6 3. Nc3 c6 4. Nf3 f5 5. g3 Bd6 6. Bg2 Nf6 7. O-O Nbd7 8. Qc2
Ne4 9. Rb1 h5 10. Nxe4 dxe4 11. Ng5 Nf6 12. h4 Qc7 13. b4 Bxg3 14. fxg3 Qxg3
15. Bf4 Qxh4 16. Rb3 1-0

[Event "7. Oeffinger Schachopen"]
[Site "Oeffingen"]
[Date "2016.05.15"]
[Round "5.3"]
[White "Neyman, Igor"]
[Black "Heining, Thomas"]
[Result "1-0"]
[WhiteElo "2262"]
[BlackElo "2129"]
[PlyCount "110"]
[EventDate "2016.??.??"]
[WhiteTeam "Stuttgarter SF"]
[BlackTeam "SF Oeffingen"]

1. d4 Nf6 2. c4 g6 3. Nc3 Bg7 4. e4 d6 5. h3 O-O 6. Bg5 Na6 7. Nf3 h6 8. Be3 e5
9. d5 Nc5 10. Nd2 a5 11. g4 Nfd7 12. Rg1 Kh7 13. Qc2 Na6 14. O-O-O Ndc5 15. Be2
c6 16. h4 Bd7 17. h5 g5 18. Nf1 Qc7 19. Kb1 Kh8 20. Ng3 Bf6 21. Qd2 Be7 22. Rc1
a4 23. Kc2 Nb4+ 24. Kd1 Qa5 25. Ke1 Nba6 26. f3 Qb4 27. Kf2 Kh7 28. Rgd1 Qa5
29. Rb1 Qc7 30. Kg2 Qa5 31. Rdc1 Nb4 32. Ra1 Nba6 33. Nd1 Qc7 34. Bf2 Rfd8 35.
Rab1 Qb6 36. Ne3 Nb4 37. Ra1 Nba6 38. Ngf5 Bxf5 39. Nxf5 Bf8 40. Be1 Nc7 41.
Rab1 Ne8 42. Bf2 Qc7 43. Rc2 Nd7 44. b4 axb3 45. axb3 c5 46. Ra2 b6 47. Rba1
Qb7 48. Be3 f6 49. b4 Rdb8 50. Bd1 Qc8 51. Ba4 Qc7 52. Bxd7 Rxa2 53. Qxa2 cxb4
54. Qa7 b3 55. Qxc7 Nxc7 1-0

[Event "7. Oeffinger Schachopen"]
[Site "Oeffingen"]
[Date "2016.05.15"]
[Round "5.4"]
[White "Hottes, Dieter"]
[Black "Gheng, Simona"]
[Result "1-0"]
[WhiteElo "2111"]
[BlackElo "2037"]
[PlyCount "99"]
[EventDate "2016.??.??"]
[WhiteTeam "Stuttgarter SF"]
[BlackTeam "TSV Schönaich"]

1. c4 e6 2. g3 d5 3. Bg2 Nf6 4. Nf3 Be7 5. O-O O-O 6. d4 dxc4 7. Nc3 c5 8. dxc5
Bxc5 9. Qa4 Bd7 10. Qxc4 Qc7 11. Be3 Rc8 12. Qd3 Na6 13. a3 Bxe3 14. Qxe3 Ng4
15. Qg5 Nf6 16. Rac1 h6 17. Qe3 Bc6 18. b4 Bxf3 19. Bxf3 Qe7 20. Nb5 Re8 21.
Rfd1 Kf8 22. Nd6 Reb8 23. Nb5 Re8 24. Kg2 Nd5 25. Bxd5 exd5 26. Qxe7+ Rxe7 27.
e3 Rd7 28. Rd4 Ke7 29. Rcd1 Rad8 30. Rc1 b6 31. Rd2 Nb8 32. Nd4 g6 33. Kf3 a6
34. a4 Rd6 35. h4 Kd7 36. Ke2 Rc8 37. Rxc8 Kxc8 38. g4 Nd7 39. Rc2+ Kb7 40. f4
Nf8 41. Kd3 Ne6 42. g5 h5 43. Nxe6 Rxe6 44. b5 a5 45. Rc3 Re4 46. Rc6 Rxa4 47.
Rf6 Rb4 48. Rxf7+ Kb8 49. f5 gxf5 50. g6 1-0

[Event "7. Oeffinger Schachopen"]
[Site "Oeffingen"]
[Date "2016.05.15"]
[Round "5.5"]
[White "Issaad, Pascal"]
[Black "Gabriel, Josef"]
[Result "0-1"]
[WhiteElo "1886"]
[BlackElo "2073"]
[PlyCount "90"]
[EventDate "2016.??.??"]
[WhiteTeam "SV Stuttgart-Wolfbusch"]
[BlackTeam "Stuttgarter SF"]

1. Nf3 Nf6 2. b3 g6 3. Bb2 Bg7 4. e3 O-O 5. Be2 c5 6. O-O Nc6 7. c4 d6 8. Nc3
e5 9. d3 b6 10. Qd2 h6 11. Nd5 Nxd5 12. cxd5 Ne7 13. e4 f5 14. b4 g5 15. a4 g4
16. Ne1 f4 17. a5 Rb8 18. axb6 axb6 19. bxc5 bxc5 20. Bc3 Ng6 21. Ra7 Qh4 22.
Ba5 f3 23. g3 Qf6 24. Bd1 h5 25. Bc7 Rb7 26. Rxb7 Bxb7 27. Qb2 Bc8 28. Qb6 h4
29. Bxd6 hxg3 30. hxg3 Nf4 31. Bxc5 Ne2+ 32. Kh2 Qg5 33. Bxe2 Qh5+ 34. Kg1 fxe2
35. Bxf8 Bxf8 36. Qc6 Qh3 37. Ng2 exf1=Q+ 38. Kxf1 Qh1+ 39. Ke2 Qxg2 40. Qxc8
Qf3+ 41. Ke1 Kf7 42. Qe6+ Kg7 43. Qxe5+ Kg6 44. Qf4 Bb4+ 45. Kf1 Qh1+ 0-1

[Event "7. Oeffinger Schachopen"]
[Site "Oeffingen"]
[Date "2016.05.15"]
[Round "5.6"]
[White "Kolb, Roland"]
[Black "Siegle, Florian"]
[Result "0-1"]
[WhiteElo "1982"]
[BlackElo "1923"]
[PlyCount "74"]
[EventDate "2016.??.??"]
[WhiteTeam "SF Oeffingen"]
[BlackTeam "Stuttgarter SF"]

1. c4 e5 2. Nc3 d6 3. e4 Nf6 4. Nf3 Bg4 5. Be2 Nc6 6. d3 Qd7 7. Be3 g6 8. Qd2
Bg7 9. Nd5 O-O 10. O-O Ne8 11. b4 f5 12. exf5 gxf5 13. Bh6 e4 14. Bxg7 exf3 15.
Bxf8 fxe2 16. Rfe1 Kxf8 17. h3 Bh5 18. Qh6+ Qg7 19. Qxh5 Nd4 20. Rac1 c6 21.
Nf4 Nf6 22. Qxf5 Nxf5 23. Ne6+ Kf7 24. Nxg7 Nd4 25. Nf5 Nxf5 26. Rxe2 Nd4 27.
Rb2 Nd7 28. f4 h5 29. Kf2 h4 30. Re1 Nf6 31. a4 Rg8 32. Re3 Nh5 33. Re4 Ne6 34.
f5 Nef4 35. Kg1 Rg3 36. d4 Rc3 37. Rf2 Rc1+ 0-1

[Event "7. Oeffinger Schachopen"]
[Site "Oeffingen"]
[Date "2016.05.15"]
[Round "5.7"]
[White "Engbrecht, Helmut"]
[Black "Süss, Stefan"]
[Result "1-0"]
[WhiteElo "1965"]
[BlackElo "1921"]
[PlyCount "125"]
[EventDate "2016.??.??"]
[WhiteTeam "SV Schorndorf"]
[BlackTeam "SG Schwabing München"]

1. e4 d5 2. Nc3 d4 3. Nce2 Nc6 4. d3 Nf6 5. g3 Bg4 6. Bg2 e5 7. Nf3 Be7 8. h3
Bd7 9. O-O h6 10. Kh2 Be6 11. c3 dxc3 12. bxc3 O-O 13. Qc2 Qc8 14. d4 exd4 15.
Nfxd4 Nxd4 16. cxd4 c6 17. f4 Bd8 18. f5 Bd7 19. Ba3 Re8 20. Bd6 Bc7 21. Bxc7
Qxc7 22. e5 Nh7 23. Rac1 Rac8 24. Nf4 Qb6 25. Rfe1 Nf8 26. Rcd1 Rcd8 27. g4 Bc8
28. d5 cxd5 29. Nxd5 Qa5 30. Qb3 Nd7 31. Qb4 Qxb4 32. Nxb4 Nc5 33. Nd5 Kf8 34.
Kg3 b6 35. Kf4 Bb7 36. Rd2 Ba6 37. Red1 Bb7 38. h4 Bxd5 39. Rxd5 Rxd5 40. Rxd5
Ke7 41. g5 hxg5+ 42. hxg5 Rd8 43. Rxd8 Kxd8 44. Bd5 Ke8 45. Ke3 Ke7 46. Kd4 Nd7
47. Bc4 g6 48. f6+ Kf8 49. Kd5 Nc5 50. Kc6 Ne4 51. Kb7 Nxg5 52. Kxa7 Nf3 53. e6
fxe6 54. Bxe6 Nd4 55. Bd5 b5 56. Kb6 b4 57. Kc5 Nc2 58. Be4 Ne3 59. Kxb4 Kf7
60. a4 Ng4 61. a5 Nxf6 62. Bc6 Ng8 63. Bd5+ 1-0

[Event "7. Oeffinger Schachopen"]
[Site "Oeffingen"]
[Date "2016.05.15"]
[Round "5.8"]
[White "Schaum, Michael"]
[Black "Michna, Marcus"]
[Result "1-0"]
[WhiteElo "1935"]
[BlackElo "1784"]
[PlyCount "57"]
[EventDate "2016.??.??"]
[WhiteTeam "SC Bann"]
[BlackTeam "TSF Ditzingen"]

1. d4 d5 2. Nf3 Nf6 3. Bg5 e6 4. e3 Be7 5. Nbd2 h6 6. Bh4 g5 7. Bg3 Nh5 8. Be5
f6 9. Nh4 fxe5 10. Qxh5+ Kd7 11. Ng6 exd4 12. exd4 c5 13. dxc5 Nc6 14. Nxh8
Qxh8 15. O-O-O Bxc5 16. Ne4 Bd4 17. Qf7+ Kd8 18. c3 Ne5 19. Qh5 Bb6 20. h4 Ke7
21. Nd2 g4 22. f4 gxf3 23. Nxf3 Be3+ 24. Kb1 Bf4 25. Nxe5 Bxe5 26. Bd3 Bd7 27.
Rhe1 Bf6 28. Qxd5 Rc8 29. Bf5 1-0

[Event "7. Oeffinger Schachopen"]
[Site "Oeffingen"]
[Date "2016.05.16"]
[Round "6.1"]
[White "Horvath, Peter"]
[Black "Lelumees, Brait"]
[Result "1-0"]
[WhiteElo "2433"]
[BlackElo "2126"]
[PlyCount "103"]
[EventDate "2016.??.??"]
[BlackTeam "SK Schwäbisch Hall"]

1. d4 Nf6 2. c4 e6 3. Nc3 Bb4 4. Bg5 c5 5. d5 h6 6. Bh4 b6 7. f3 O-O 8. e4 Re8
9. Be2 d6 10. Qc2 a6 11. a4 exd5 12. cxd5 Nbd7 13. Nh3 Nf8 14. Nf2 Ng6 15. Bg3
Nh5 16. Nd3 Nxg3 17. hxg3 Qg5 18. g4 Nf4 19. Kf2 Bd7 20. g3 Nxd3+ 21. Qxd3 Qf6
22. Kg2 Bxc3 23. Qxc3 Qxc3 24. bxc3 b5 25. Rhb1 Kf8 26. axb5 axb5 27. Rxa8 Rxa8
28. Bxb5 Ra2+ 29. Kf1 Bxb5+ 30. Rxb5 Ra3 31. e5 Rxc3 32. exd6 Ke8 33. Ke2 c4
34. Rb7 Rd3 35. Re7+ Kf8 36. Re5 Ra3 37. d7 Ra8 38. Ke3 Rd8 39. Re8+ Rxe8+ 40.
dxe8=Q+ Kxe8 41. Kd4 g5 42. Kxc4 Kd7 43. Kc5 Kc7 44. d6+ Kd7 45. Kd5 f6 46. Kc5
f5 47. Kd5 fxg4 48. fxg4 Kd8 49. Ke6 Ke8 50. d7+ Kd8 51. Kd6 h5 52. gxh5 1-0

[Event "7. Oeffinger Schachopen"]
[Site "Oeffingen"]
[Date "2016.05.16"]
[Round "6.2"]
[White "Holzhäuer, Mathias"]
[Black "Neyman, Igor"]
[Result "1/2-1/2"]
[WhiteElo "2284"]
[BlackElo "2262"]
[PlyCount "37"]
[EventDate "2016.??.??"]
[WhiteTeam "SK Schmiden/Cannstatt"]
[BlackTeam "Stuttgarter SF"]

1. e4 c5 2. Nc3 Nc6 3. Bb5 Nd4 4. Bc4 e6 5. Nge2 Nf6 6. O-O a6 7. d3 b5 8. Bb3
Nxb3 9. axb3 Bb7 10. Bg5 d6 11. f4 b4 12. Nb1 Be7 13. Nd2 d5 14. Bxf6 Bxf6 15.
e5 Be7 16. d4 Bc6 17. Nf3 Bb5 18. Rf2 Bxe2 19. Rxe2 1/2-1/2

[Event "7. Oeffinger Schachopen"]
[Site "Oeffingen"]
[Date "2016.05.16"]
[Round "6.3"]
[White "Schaum, Michael"]
[Black "Hottes, Dieter"]
[Result "1-0"]
[WhiteElo "1935"]
[BlackElo "2111"]
[PlyCount "123"]
[EventDate "2016.??.??"]
[WhiteTeam "SC Bann"]
[BlackTeam "Stuttgarter SF"]

1. d4 e6 2. Nf3 Be7 3. e4 c5 4. d5 d6 5. Nc3 e5 6. a4 Na6 7. Bb5+ Bd7 8. Bxd7+
Qxd7 9. O-O Bf6 10. Nd2 Ne7 11. Nc4 Ng6 12. Ra3 O-O 13. Nb5 Be7 14. Rh3 Rfe8
15. Qh5 Nf8 16. f4 f6 17. f5 Nc7 18. Nxc7 Qxc7 19. Rff3 Qd7 20. Rfg3 Bd8 21.
Rxg7+ Kxg7 22. Rg3+ Kh8 23. Bh6 Bc7 24. Qg4 Ng6 25. fxg6 Qxg4 26. g7+ Kg8 27.
Rxg4 Re7 28. Ne3 f5 29. Nxf5 Rf7 30. Be3 Rxf5 31. exf5 Kf7 32. Bg5 Rg8 33. Bh6
Bd8 34. Kf2 Kf6 35. Rg5 e4 36. Ke3 Ke5 37. Rg4 Bf6 38. Rxe4+ Kxf5 39. g4+ Kg6
40. g5 Bxg7 41. Re6+ Kf5 42. Bxg7 Rxg7 43. h4 Rd7 44. Kf3 b6 45. c4 a6 46. b3
b5 47. axb5 axb5 48. Rf6+ Ke5 49. h5 bxc4 50. bxc4 Rb7 51. Kg4 Rb1 52. Re6+ Kd4
53. Rxd6 Rg1+ 54. Kf5 Rh1 55. Rh6 Kxc4 56. Rxh7 Kxd5 57. h6 Kd6 58. Kg6 c4 59.
Rh8 Kd7 60. Ra8 c3 61. Ra2 Ke8 62. Rc2 1-0

[Event "7. Oeffinger Schachopen"]
[Site "Oeffingen"]
[Date "2016.05.16"]
[Round "6.4"]
[White "Gabriel, Josef"]
[Black "Mück, Heinz-Peter"]
[Result "1-0"]
[WhiteElo "2073"]
[BlackElo "1929"]
[PlyCount "125"]
[EventDate "2016.??.??"]
[WhiteTeam "Stuttgarter SF"]
[BlackTeam "SC Plüderhausen"]

1. e4 d6 2. d4 Nf6 3. Nc3 c6 4. Nf3 Bg4 5. Be2 Nbd7 6. a4 Qc7 7. O-O e5 8. a5
a6 9. Be3 Be7 10. Qd2 h6 11. Rfd1 Bxf3 12. Bxf3 g5 13. Qe2 Rg8 14. Bg4 Nxg4 15.
Qxg4 Nf6 16. Qf5 Qd7 17. Qxd7+ Nxd7 18. d5 c5 19. Ra4 Rc8 20. b3 h5 21. Ne2 h4
22. f3 Nf6 23. h3 Nh5 24. Kf2 Kd7 25. Nc1 Rcf8 26. Nd3 Ng3 27. Ke1 f5 28. exf5
Nxf5 29. Kd2 Bd8 30. Rda1 Ne7 31. c4 Rg6 32. Nf2 Ng8 33. b4 cxb4 34. Rxb4 Kc8
35. Kd3 Nf6 36. Rb3 Rg7 37. Bd2 Rfg8 38. Ne4 Nxe4 39. Kxe4 Rf8 40. Kd3 Re8 41.
Re1 Reg8 42. c5 dxc5 43. Rxe5 Re7 44. Rxe7 Bxe7 45. Kc4 Kb8 46. Rb6 Bd8 47. Re6
Kc7 48. Be3 Kd7 49. Rh6 Bc7 50. Bd2 Bf4 51. Bxf4 gxf4 52. Kxc5 Rxg2 53. Rh7+
Kc8 54. Rxh4 Rc2+ 55. Kd6 b5 56. axb6 Kb7 57. Rxf4 a5 58. Ke7 Re2+ 59. Re4 Rg2
60. d6 Kxb6 61. d7 Rg7+ 62. Kd6 Rg6+ 63. Re6 1-0

[Event "7. Oeffinger Schachopen"]
[Site "Oeffingen"]
[Date "2016.05.16"]
[Round "6.5"]
[White "Siegle, Florian"]
[Black "Engbrecht, Helmut"]
[Result "0-1"]
[WhiteElo "1923"]
[BlackElo "1965"]
[PlyCount "69"]
[EventDate "2016.??.??"]
[WhiteTeam "Stuttgarter SF"]
[BlackTeam "SV Schorndorf"]

1. g4 e5 2. Bg2 Bc5 3. e3 Nc6 4. c4 Nge7 5. a3 d6 6. b4 Bb6 7. Bb2 a5 8. b5 Nb8
9. h4 c6 10. a4 Be6 11. Na3 Bc5 12. d3 Bb4+ 13. Kf1 f5 14. gxf5 Bxf5 15. Qh5+
Bg6 16. Qd1 O-O 17. e4 Bc5 18. Nh3 Nd7 19. Rc1 Nf6 20. Bf3 Qd7 21. Kg2 h6 22.
Rh2 Rf7 23. Kh1 Raf8 24. Rc2 Qe6 25. Ng5 hxg5 26. hxg5 Nh7 27. Bg4 Nf5 28. exf5
Bxf5 29. g6 Bxg4 30. gxf7+ Rxf7 31. Qd2 Bf3+ 32. Kg1 Qg4+ 33. Kf1 Ng5 34. d4
Nh3 35. Rh1 0-1

[Event "7. Oeffinger Schachopen"]
[Site "Oeffingen"]
[Date "2016.05.16"]
[Round "6.6"]
[White "Dürr, Hanno"]
[Black "Gustain, Marc"]
[Result "0-1"]
[WhiteElo "1934"]
[BlackElo "2133"]
[PlyCount "88"]
[EventDate "2016.??.??"]
[WhiteTeam "SGem Vaihingen-Rohr"]
[BlackTeam "SF Deizisau"]

1. d4 Nf6 2. Nf3 d6 3. Nc3 d5 4. e3 Bg4 5. Be2 e6 6. Ne5 Bxe2 7. Qxe2 c6 8. Bd2
Be7 9. O-O O-O 10. Rad1 Nfd7 11. f4 a6 12. e4 f6 13. Nf3 Re8 14. exd5 exd5 15.
Qe6+ Kh8 16. Qh3 Nf8 17. f5 Nbd7 18. Ne2 Bd6 19. Nf4 Bxf4 20. Bxf4 Re2 21. Rfe1
Rxc2 22. Rd2 Rxd2 23. Nxd2 Nb6 24. Qe3 Qd7 25. g4 Rd8 26. b3 Nc8 27. Nf3 Nd6
28. Bxd6 Qxd6 29. Kg2 Kg8 30. Qe7 Qxe7 31. Rxe7 Rd7 32. Re2 Kf7 33. h4 Re7 34.
Rxe7+ Kxe7 35. Kg3 Kd6 36. Kf4 a5 37. h5 b6 38. Ke3 c5 39. Kd3 Nd7 40. a4 cxd4
41. Kxd4 Ne5 42. Nh2 h6 43. g5 fxg5 44. Nf1 Nc6+ 0-1

[Event "7. Oeffinger Schachopen"]
[Site "Oeffingen"]
[Date "2016.05.16"]
[Round "6.7"]
[White "Heining, Thomas"]
[Black "Gheng, Simona"]
[Result "1/2-1/2"]
[WhiteElo "2129"]
[BlackElo "2037"]
[PlyCount "59"]
[EventDate "2016.??.??"]
[WhiteTeam "SF Oeffingen"]
[BlackTeam "TSV Schönaich"]

1. e4 c5 2. Nf3 d6 3. d4 cxd4 4. Nxd4 Nf6 5. Nc3 g6 6. Be3 Bg7 7. f3 Nc6 8. Qd2
O-O 9. O-O-O d5 10. Qe1 e5 11. Nxc6 bxc6 12. exd5 Nxd5 13. Bc4 Be6 14. Ne4 f5
15. Ng5 Bf7 16. Nxf7 Rxf7 17. h4 h5 18. Bg5 Qb6 19. Rxd5 cxd5 20. Bxd5 e4 21.
Bb3 Kf8 22. Qd2 Rb8 23. Rd1 Qc7 24. Qd5 a5 25. a4 exf3 26. gxf3 Be5 27. Bh6+
Bg7 28. Bg5 Be5 29. Bh6+ Bg7 30. Bg5 1/2-1/2

[Event "7. Oeffinger Schachopen"]
[Site "Oeffingen"]
[Date "2016.05.16"]
[Round "6.8"]
[White "Fulop, Csaba"]
[Black "Pelezki, Eugen"]
[Result "0-1"]
[WhiteElo "2103"]
[BlackElo "2006"]
[PlyCount "76"]
[EventDate "2016.??.??"]
[BlackTeam "SV Wendlingen"]

1. d4 Nf6 2. f4 e6 3. e3 c5 4. c3 Be7 5. Bd3 Na6 6. Qe2 Nc7 7. Nf3 b6 8. Nbd2
cxd4 9. exd4 Ncd5 10. Ne4 Qc7 11. Nxf6+ gxf6 12. Bd2 Nxf4 13. Bxf4 Qxf4 14. Qe4
Qxe4+ 15. Bxe4 d5 16. Bd3 O-O 17. g4 Kh8 18. h4 e5 19. dxe5 Bxg4 20. exf6 Bxf6
21. Nd4 Rae8+ 22. Kd2 Bxd4 23. cxd4 f5 24. Rae1 Kg7 25. Bb5 Re4 26. Kd3 Rc8 27.
Rhf1 Rc7 28. Rxe4 dxe4+ 29. Ke3 Kf6 30. Rf2 Rc1 31. Rf1 Rc2 32. Rf2 Rxf2 33.
Kxf2 f4 34. Bc6 Bf5 35. Bb5 Be6 36. a3 Kf5 37. Bf1 Kg4 38. Bg2 Bd5 0-1

[Event "7. Oeffinger Schachopen"]
[Site "Oeffingen"]
[Date "2016.05.16"]
[Round "7.1"]
[White "Neyman, Igor"]
[Black "Horvath, Peter"]
[Result "1/2-1/2"]
[WhiteElo "2262"]
[BlackElo "2433"]
[PlyCount "61"]
[EventDate "2016.??.??"]
[WhiteTeam "Stuttgarter SF"]

1. d4 d5 2. c4 e6 3. Nc3 Bb4 4. Nf3 Nf6 5. cxd5 exd5 6. Bg5 Nbd7 7. e3 c5 8.
Bxf6 Nxf6 9. dxc5 Qa5 10. Qb3 Ne4 11. a3 Bxc3+ 12. bxc3 O-O 13. Qb4 Qxc5 14.
Qxc5 Nxc5 15. Nd4 Be6 16. f3 Na4 17. Kd2 Rac8 18. Rc1 a6 19. Be2 b5 20. Bd1 Nc5
21. Bc2 Rc7 22. Ra1 Bd7 23. Rab1 Ne6 24. Bb3 Rc5 25. Rhc1 Rd8 26. Ra1 Rb8 27.
Ba2 Kf8 28. Nb3 Rc4 29. Nd4 Rc5 30. Nb3 Rc4 31. Nd4 1/2-1/2

[Event "7. Oeffinger Schachopen"]
[Site "Oeffingen"]
[Date "2016.05.16"]
[Round "7.2"]
[White "Lelumees, Brait"]
[Black "Schaum, Michael"]
[Result "1-0"]
[WhiteElo "2126"]
[BlackElo "1935"]
[PlyCount "81"]
[EventDate "2016.??.??"]
[WhiteTeam "SK Schwäbisch Hall"]
[BlackTeam "SC Bann"]

1. e4 c5 2. Nf3 d6 3. d4 cxd4 4. Nxd4 Nf6 5. Nc3 a6 6. Bg5 e6 7. f4 Nbd7 8. Bc4
Qb6 9. Qd2 Nc5 10. Bxf6 gxf6 11. O-O-O Bd7 12. Kb1 O-O-O 13. Rhf1 Bc6 14. Qe2
Na4 15. Nxa4 Bxa4 16. f5 d5 17. exd5 exd5 18. Bb3 Bc5 19. Rf4 Rhe8 20. Qf3 Bxb3
21. Nxb3 Be3 22. Rh4 Rd7 23. Rxh7 d4 24. Qh5 Qc7 25. Rh8 Red8 26. Rxd8+ Rxd8
27. a3 Kb8 28. g3 Qc4 29. Rd3 Re8 30. Qf3 Bg1 31. Qxb7+ Kxb7 32. Na5+ Kb6 33.
Nxc4+ Kc5 34. Nd2 Re2 35. Nb3+ Kc4 36. Nd2+ Kc5 37. b4+ Kc6 38. Nf3 Be3 39.
Nxd4+ Bxd4 40. Rxd4 Rxh2 41. g4 1-0

[Event "7. Oeffinger Schachopen"]
[Site "Oeffingen"]
[Date "2016.05.16"]
[Round "7.3"]
[White "Engbrecht, Helmut"]
[Black "Gabriel, Josef"]
[Result "0-1"]
[WhiteElo "1965"]
[BlackElo "2073"]
[PlyCount "96"]
[EventDate "2016.??.??"]
[WhiteTeam "SV Schorndorf"]
[BlackTeam "Stuttgarter SF"]

1. e4 c6 2. Nc3 d5 3. Nf3 Bg4 4. h3 Bxf3 5. Qxf3 e6 6. d3 Bb4 7. Bd2 d4 8. Nd1
Bxd2+ 9. Kxd2 Qg5+ 10. Ke1 Nd7 11. Qg3 Qxg3 12. fxg3 Ne7 13. Be2 O-O 14. c3 c5
15. cxd4 cxd4 16. Rc1 Rac8 17. Rxc8 Rxc8 18. Kd2 Nc6 19. Nf2 Nce5 20. Rc1 Rxc1
21. Kxc1 Kf8 22. b4 a5 23. bxa5 Nc6 24. a6 bxa6 25. Kb2 Ke7 26. Bd1 Nc5 27. Ka3
a5 28. Kb2 Kd6 29. a3 Ne5 30. Bc2 f5 31. exf5 exf5 32. Kc1 Ned7 33. Nd1 Ke5 34.
Nb2 Nb6 35. Kd2 g5 36. Ke2 h6 37. Kf3 Nb7 38. g4 f4 39. g3 fxg3 40. Kxg3 Nd6
41. Kf3 Nb5 42. a4 Nc3 43. Kg3 Kd5 44. h4 Kc5 45. hxg5 hxg5 46. Nd1 Nxd1 47.
Bxd1 Kb4 48. Kf3 Nxa4 0-1

[Event "7. Oeffinger Schachopen"]
[Site "Oeffingen"]
[Date "2016.05.16"]
[Round "7.4"]
[White "Gustain, Marc"]
[Black "Holzhäuer, Mathias"]
[Result "0-1"]
[WhiteElo "2133"]
[BlackElo "2284"]
[PlyCount "84"]
[EventDate "2016.??.??"]
[WhiteTeam "SF Deizisau"]
[BlackTeam "SK Schmiden/Cannstatt"]

1. e4 d5 2. exd5 Nf6 3. Bb5+ Bd7 4. Be2 Nxd5 5. d4 Bf5 6. a3 e6 7. Nf3 Be7 8.
O-O O-O 9. c4 Nf6 10. Nc3 Ne4 11. Bd3 Nxc3 12. bxc3 Bxd3 13. Qxd3 Nc6 14. Rb1
Rb8 15. Re1 Re8 16. Rb5 a6 17. Rh5 g6 18. Rh3 Bf6 19. Qe3 h5 20. Qe4 e5 21. d5
Ne7 22. Rg3 Qd7 23. Bg5 Bg7 24. Bc1 Nf5 25. Rh3 Nd6 26. Qh4 b6 27. Nd2 e4 28.
Qg5 Qg4 29. Qxg4 hxg4 30. Rhe3 f5 31. g3 Bh6 32. R3e2 Bxd2 33. Bxd2 Nxc4 34.
Bf4 Rbd8 35. Rd1 Rd7 36. a4 Kf7 37. Rd4 Na5 38. Rb2 Kf6 39. d6 c5 40. Rd1 Nc4
41. Ra2 g5 42. Be3 a5 0-1